000
00306nam a22001337a 4500
008
260420b ||||| |||| 00| 0 eng d
020
_a
9789951585507
041
_a
eng
080
_a
078.5
100
_a
32
101
_a
Jurdik
245
_a
Medodologjia e Shkrimit Ligjor
_c
Kadri Bicaj
942
_2
udc
_c
BK
999
_c
60983
_d
60983